Ballades françaises. (Record no. 64869)

MARC details
000 -LEADER
campo de control de longitud fija 00627nam a2200205 i 4500
001 - NÚMERO DE CONTROL
campo de control 64869
003 - IDENTIFICADOR DE NÚMERO DE CONTROL
campo de control ES-MaACL
005 - FECHA Y HORA DE LA ÚLTIMA TRANSACCIÓN
campo de control 20251017063052.0
007 - CAMPO FIJO DE DESCRIPCIÓN FÍSICA--INFORMACIÓN GENERAL
campo de control de longitud fija t|
008 - DATOS DE LONGITUD FIJA--INFORMACIÓN GENERAL
campo de control de longitud fija 040107s1920 fr ||||1| fre d
100 1# - ENTRADA PRINCIPAL--NOMBRE DE PERSONA
Nombre de persona Fort, Paul,
Fechas asociadas al nombre 1872-1960
9 (RLIN) 51836
245 10 - MENCIÓN DEL TÍTULO
Título Ballades françaises.
Número de parte o sección de la obra 1ère série /
Mención de responsabilidad, etc. Paul Fort ; avec une préface nouvelle de Pierre Louÿs.
250 ## - MENCION DE EDICION
Mención de edición 8eme éd.
260 ## - PUBLICACIÓN, DISTRIBUCIÓN, ETC.
Lugar de publicación, distribución, etc. Paris :
Nombre del editor, distribuidor, etc. Mercure de France,
Fecha de publicación, distribución, etc. 1920.
300 ## - DESCRIPCIÓN FÍSICA
Extensión 406 p. ;
Dimensiones 19 cm.
500 ## - NOTA GENERAL
Nota general Nouvelle éd. revue et augmentée.
700 1# - ENTRADA AGREGADA--NOMBRE PERSONAL
Nombre de persona Louys, Pierre.
9 (RLIN) 139378
852 ## - LOCALIZACIÓN
Ubicación ES-MaACL
Número de control de estantería G-8585
Holdings
Estatus retirado Estado de pérdida Estado de daño No para préstamo Biblioteca de origen Biblioteca actual Ubicación en estantería Fecha de adquisición Fuente de adquisición Total de préstamos Signatura topográfica completa Código de barras Visto por última vez Precio de reemplazo Tipo de ítem Koha
        Biblioteca del Ateneo de Madrid Biblioteca del Ateneo de Madrid Sala Pecera Planta 3 17/01/2008     G-8585 1067972 23/02/2023 23/02/2023 Libro impreso